Statistics for Top 10 Least Populous U.S. States

Click here to take the quiz!

General Stats

  • This quiz has been taken 41,557 times
    (6,626 since last reset)
  • The average score is 7 of 10

Answer Stats

Population State % Correct
578,759Wyoming
83%
731,545Alaska
81%
762,062North Dakota
81%
884,659South Dakota
79%
1,068,778Montana
79%
1,059,361Rhode Island
77%
623,989Vermont
73%
1,344,212Maine
70%
1,359,711New Hampshire
66%
973,764Delaware
59%

Score Distribution

Percentile by Number Answered

Percent of People with Each Score

Your Score History

You have not taken this quiz since the last reset